Bibliografia Pavla Mučajiho

Bibliographic Details
Main Author: Bažíková, Boženka, 1957- (Author)
Format: Book
Language:Slovak
PhysicalDescription:427 strán 24 cm
Published: Nový Sad Ústav pre kultúru vojvodinských Slovákov 2017
ISBN:9788687947382
Series:Bibliografie
Subjects:

MARC

LEADER 00000cam a2200000 4500
001 vtls011900776
003 SK-MaSNL
005 20260301144655.0
008 210906s2017 rb grb 000 0 slo
015 |a SNBZSA2021/02 
020 |a 9788687947382  |q (brožované) 
035 |a urn:nbn:sk:snk-am00firi 
035 |a urn:nbn:sk:snk-am3iunx 
035 |a FD0E0EBB-12A9-48C9-9FD3-36BAA7B5D9E3 
040 |a SNK  |b slo  |c SNK  |e rda 
041 0 |a slo 
044 |a rb  |c RS 
072 7 |a 82  |x Literatúra. Literárny život  |2 konspekt 
080 |a 82-051  |2 2011 
080 |a (01)  |2 2011 
100 1 |a Bažíková, Boženka,  |d 1957-  |4 aut  |9 371042 
245 1 0 |a Bibliografia Pavla Mučajiho  |c Boženka Bažíková 
264 1 |a Nový Sad  |b Ústav pre kultúru vojvodinských Slovákov  |c 2017 
300 |a 427 strán  |c 24 cm 
336 |a text  |b txt  |2 rdacontent 
337 |a bez média  |b n  |2 rdamedia 
338 |a zväzok  |b nc  |2 rdacarrier 
366 |e 100 kusov 
490 1 |a Bibliografie  |v Zväzok 4 
500 |a Portrét Pavla Mučajiho na prvej stane za titulným listom 
500 |a Obsahuje zoznam skratiek 
504 |a Bibliorafia o dedikantovi na strane 244-263 ; bio-bibliografia na strane 364-372 ; register textov Mučajiho ; register preložených textov ; menný register ; register kníh a register časopisov a novín 
600 1 7 |a Mučaji, Pavel,  |d 1929-2014  |2 SNKMA  |9 159590 
650 0 7 |a spisovatelia  |2 SNKPH  |9 4982 
650 0 7 |a Authors  |2 SNKPHeng  |9 310419 
655 7 |a bibliografie  |2 SNKPH  |9 28668 
655 7 |a Bibliographies  |2 SNKPHeng  |9 266698 
830 0 |a Bibliografie  |9 267069 
919 |a 978-86-87947-38-2 
958 |a ZS 
958 |a NB 
958 |a RS 
999 |c 777834  |d 779764 
952 |a SNK  |b SNK  |y VYP  |7 0  |p 17A1514652  |o snkSC 188921 D1  |i snk2022/16422  |8 2  |g 9.76  |0 0  |1 0  |4 0  |d 2021-06-01  |l 0  |r 2026-02-24 00:55:07  |w 2026-02-24 
952 |a SNK  |b SNK  |y PREZ  |7 0  |p 17A1418338  |o snkSC 188921  |i snk2020/9491  |8 2  |g 9.76  |0 0  |1 0  |4 0  |d 2019-11-15  |f 1  |l 0  |r 2025-10-06 00:00:00  |w 2026-02-24